The road Europe travelled along (Record no. 110375)
[ view plain ]
| 000 -LEADER | |
|---|---|
| fixed length control field | 01862nam a2200421 a 4500 |
| 082 04 - DEWEY DECIMAL CLASSIFICATION NUMBER | |
| Classification number | 337.1/4 |
| 245 04 - TITLE STATEMENT | |
| Title | The road Europe travelled along |
| 260 ## - PUBLICATION, DISTRIBUTION, ETC. (IMPRINT) | |
| Place of publication | Bruxelles [Belgium] ; |
| -- | New York : |
| Name of publisher | Peter Lang, |
| Year of publication | c2010. |
| 300 ## - PHYSICAL DESCRIPTION | |
| Number of Pages | 500 p. : |
| Other physical details | ill., maps. |
| 490 1# - SERIES STATEMENT | |
| Series statement | Euroclio, |
| 500 ## - GENERAL NOTE | |
| General note | Proceedings of conference "The Road Europe Travelled Along--The Evolution of the EEC/EU Institutions and Policies", which was held at the University of Siena on the 23rd and 24th of May, 2008. |
| 700 1# - ADDED ENTRY--PERSONAL NAME | |
| Personal name | Preda, Daniela, |
| Personal name | Pasquinucci, Daniele. |
| 856 40 - ELECTRONIC LOCATION AND ACCESS | |
| Uniform Resource Identifier | http://site.ebrary.com/lib/rucke/Doc?id=10600293 |
No items available.
